000 01258nam a2200289 i 4500
001 190584
003 ES-MaACL
005 20251010184609.0
008 220105s2017 sp a 000 0dspa
020 _a978-84-17130-32-9
080 _a929:61 Valle y Huerta, Gumersindo del
100 1 _aLlavona Uribelarrea, Miguel Ángel.
_9173994
245 1 0 _aGumersindo del Valle y Huerta :
_bFrieres (Langreo) 1845-Madrid 1900 /
_cMiguel Ángel Llavona Uribelarrea, Rafael Llavona Uribelarrea.
260 _aOviedo :
_bHifer,
_c2017.
300 _a694 p. :
_bil. ;
_c24 cm.
504 _aBibliografía: p. 645-694.
505 8 _aContiene: Gumersindo del Valle y García, p. 565-644
600 1 4 _aValle y Huerta, Gumersindo del,
_d1849-1900
_9133514
600 1 4 _aValle García, Gumersindo del,
_d1884-1922
_9173995
700 1 _aLlavona Uribelarrea, Rafael,
_d1944-
_9173993
852 4 _aES-MaACL
_jA-14845
_9197762
_bR.152351
_cDEPO1
_dOlim: N-7845
_hDonación: Rafael Llavona Uribelarrea y Miguel Ángel Llavona Uribelarrea
903 _aLlavona Uribelarrea, Rafael,
_d1944-
_ednr
_9173993
903 _9173994
_aLlavona Uribelarrea, Miguel Ángel
_ednr
942 _2udc
_cMONOGRAFIA
999 _c190584
_d190584